National liberation
Saved in:
| Main Author: | |
|---|---|
| Format: | Book |
| Language: | English |
| Published: |
London :
Penguin Books,
c1990
|
| Subjects: | |
| Tags: |
Add Tag
No Tags, Be the first to tag this record!
|
MARC
| LEADER | 00000nam a2200000 i 4500 | ||
|---|---|---|---|
| 001 | 1/15674 | ||
| 008 | 980710s1990 eng d | ||
| 020 | |a 0-14-012560-4 | ||
| 035 | |l 10019918 | ||
| 040 | |a GR-MY-UA |b gre |e aacr | ||
| 041 | 0 | |a eng | |
| 082 | 0 | |a 320.54 | |
| 100 | 1 | |a Harris, Nigel. | |
| 245 | 1 | 0 | |a National liberation / |c Nigel Harris |
| 260 | |a London : |b Penguin Books, |c c1990 | ||
| 300 | |a 308 p. | ||
| 504 | |a Index p. 303-308 | ||
| 650 | 0 | 0 | |a Nationalism |x History. |
| 650 | 0 | 0 | |a National liberation movements |x History. |
| 650 | 0 | 0 | |a Capitalism |x History. |
| 852 | |a INST |b LESVOS |e 19980710 |h 320.54 HAR |p 005100013804 |q 005100013804 |t BK |y 0 | ||
| 901 | |a BIBL-1998-2 | ||
| 909 | |a Λ |b 044430 | ||
| 922 | |a 1ΔΩΡ |b 199602 |c ΤΚΑ | ||